| 000 | 00386nam a2200145Ia 4500 | ||
|---|---|---|---|
| 008 | 150201s2006 xx 000 0 und d | ||
| 082 |
_a611.0183 _bM2006J |
||
| 100 | _aJOSE MAJI | ||
| 245 | _aMANUAL OF ORAL HISTOLOGY & ORAL PATHOLOGY | ||
| 250 | _a1ST | ||
| 260 |
_bC.B.S PUBLISHERS & DISTRIBUTERS _aDELHI _c2006 |
||
| 300 | _a1-161 | ||
| 650 | _aORAL PATHOLOGY | ||
| 942 |
_2ddc _cBK _0149 |
||
| 999 |
_c3494 _d3494 |
||